Polyfunkčný dom Na Vrátkach Bratislava

Uložené v:
Podrobná bibliografia
Hlavný autor: Turlík, Stanislav (Autor)
Ďalší autori: Búciová, Mária (Vedúci práce)
Médium: Rukopis Kniha
Jazyk:Slovak
Vydavateľské údaje: 2015
Predmet:
On-line prístup:http://is.stuba.sk/zp/portal_zp.pl?podrobnosti=109792
https://opac.crzp.sk/?fn=detailBiblioForm&sid=E75B5E22D326BA6A98A690CFFF20
Tagy: Pridať tag
Žiadne tagy, Buďte prvý, kto otaguje tento záznam!

MARC

LEADER 00000ntm a22000003a 4500
001 stuzp51651
003 SK-STU
005 20231114114658.3
007 ta
008 150427s2015----xo-----f-mn---000-0-slo-d
040 |a STU  |b slo 
041 0 |a slo 
100 1 |a Turlík, Stanislav  |u 010270  |4 aut  |U SvF Stavebná fakulta  |T SvF Katedra technológie stavieb  |X 7763  |U V270  |Y 28  |7 A000007763 
242 0 1 |a Polyfunkčný dom Na Vrátkach Bratislava  |y eng 
245 1 0 |a Polyfunkčný dom Na Vrátkach Bratislava 
260 |c 2015 
650 4 |a stavebno-technické riešenie  |2 slo 
650 4 |a zariadenie staveniska  |2 slo 
650 4 |a polyfunkčný dom  |2 slo 
650 4 |a construction equipment  |2 eng 
650 4 |a multipurpose building  |2 eng 
650 4 |a construction and technical solution  |2 eng 
700 1 |a Búciová, Mária  |4 ths  |X 1005  |7 A000001005 
856 4 |u http://is.stuba.sk/zp/portal_zp.pl?podrobnosti=109792 
856 4 |u https://opac.crzp.sk/?fn=detailBiblioForm&sid=E75B5E22D326BA6A98A690CFFF20 
SQL |a stuzp51651  |b DDP  |c SLO  |d Polyfunkčný dom Na Vrátkach Bratislava  |e 7763  |f Turlík, Stanislav  |g 010270  |h 1005  |i Búciová, Mária  |j 20150618  |k 681  |l 01  |m http://is.stuba.sk/zp/portal_zp.pl?podrobnosti=109792  |n I-TS  |o 5.2.8. stavebníctvo